Macroeconomics: Principles and Applications (Record no. 2298)

MARC details
005 - DATE AND TIME OF LATEST TRANSACTION
control field 20250515130049.0
020 ## - INTERNATIONAL STANDARD BOOK NUMBER
International Standard Book Number 0-324-26039-3
082 ## - DEWEY DECIMAL CLASSIFICATION NUMBER
Classification number LECT 339 HAL
100 ## - MAIN ENTRY--PERSONAL NAME
Author name HALL, R. E.
245 ## - TITLE STATEMENT
Title Macroeconomics: Principles and Applications
250 ## - EDITION STATEMENT
Edition statement 3rd Ed.
260 ## - PUBLICATION, DISTRIBUTION, ETC.
Place of publication, distribution, etc. Ohio,
Name of publisher, distributor, etc. South-Western,
Date of publication, distribution, etc. 2005.
300 ## - PHYSICAL DESCRIPTION
Extent xxiii, 542p.: ill.; figure, graph, picture, table.
Other physical details Glossary & index.
Dimensions 26cm.
700 ## - ADDED ENTRY--PERSONAL NAME
Other authors/Editors LIEBERMAN, M.
856 ## - ELECTRONIC LOCATION AND ACCESS
Link text Access online book
Electronic name Macroeconomics: Principles and Applications
Path http://www.swlearning.com
942 ## - ADDED ENTRY ELEMENTS (KOHA)
Source of classification or shelving scheme Dewey Decimal Classification
Koha item type Books
Holdings
Date last seen Total checkouts Full call number Barcode Cost, replacement price Price effective from Koha item type Lost status Source of classification or shelving scheme Damaged status Not for loan Withdrawn status Home library Current library Shelving location Date acquired Cost, normal purchase price
05/15/2025   LECT 339 HAL 0000008825 120000.00 05/15/2025 Books   Dewey Decimal Classification       College of Business Education Main Library College of Business Education Main Library General Collection 11/28/2014 40000.00